00420 2200157 4500001002100000005001500021035002000036245006800056100002400124300001200148260004600160082000800206084001400214020002200228990001200250INLIS00000000000263820250723074059 a0010-07250000021 aSuper Modul KSN SMA :bKimia Anorganik 1 /cAulia Wahyuningtyas0 aAulia Wahyuningtyas a172 hlm aJakarta :bPT. Jakarta Sains Media,c2022 a540 a540 AUL s a978-623-6111-20-8 a0754836